000 002380000a22000970004500
100 1 _aPérez, Teresa
245 1 0 _aTeaching children a deep respecto for nature
300 _aNúm 8 (1985), Páginas 12-13
773 0 _tTogether
942 _cANA
999 _c56969
_d56969